Statistics for Knock Knock by CG5 Lyrics

Click here to take the quiz!

General Stats

  • This quiz has been taken 20 times
  • The average score is 90 of 165

Answer Stats

Lyrics% Correct
I
92%
i
92%
a
83%
you
83%
fast,
75%
If
75%
I'm
75%
Little
75%
little
75%
to
75%
we
75%
well
75%
well,
75%
your
75%
you're
75%
You're
75%
'bout
67%
catch
67%
faster.
67%
gazelle,
67%
ha
67%
ha.
67%
like
67%
lion
67%
on
67%
so
67%
stretcher.
67%
think
67%
ya.
67%
diss
58%
Imma
58%
in
58%
Knock
58%
la
58%
la,
58%
la.
58%
me.
58%
me
58%
me,
58%
mood
58%
put
58%
Put
58%
the
58%
track
58%
venture.
58%
weak,
58%
as
50%
boy
50%
boy.
50%
down
50%
for
50%
no.
50%
no
50%
baby
42%
be
42%
doing
42%
hole
42%
just
42%
Might
42%
take
42%
with
42%
won
42%
all
33%
can't
33%
control
33%
it
33%
joy
33%
loser
33%
mouth,
33%
mouth
33%
mouth.
33%
Play
33%
Shut
33%
shut
33%
toy.
33%
watch
33%
Blocking
25%
obliterate
25%
out
25%
sha
25%
that
25%
yeah,
25%
brah
17%
I'll
17%
say
17%
go
0%
Here
0%
tat
0%
tat.
0%

Score Distribution

Percentile by Number Answered

Percent of People with Each Score

Your Score History

You have not taken this quiz